Music Quiz

Random Music or Lyrics Quiz

Drinking Songs II Quiz Stats

 Plays Quiz Updated Dec 11, 2015

Also try: Drinking Songs
Challenge
Share
Tweet
Embed
Score 0/24 Timer 08:00
5 Plays Today
% Correct
champagne
74.6%
wine
70.5%
gin
66.4%
whiskey
66.3%
beer
65%
coffee
63.8%
soda pop
61.4%
Coca-Cola
56.7%
Bacardi
55.3%
Scotch
52.8%
tropical drink
52.7%
cafe au lait
48.1%
% Correct
lemonade
46.6%
water
43.4%
tea
38.3%
egg nog
38.1%
vodka
36.4%
milk
36.3%
iced tea
35.3%
strawberry wine
17.6%
rum
16.5%
moonshine
15.5%
Napoleon brandy
14.1%
scented jasmine tea
11.5%

You're not logged in!

Compare scores with friends on all Sporcle quizzes.
Join for Free
OR
Log In

You Might Also Like...

Show Comments

Extras

Top Quizzes Today


Score Distribution

Your Account Isn't Verified!

In order to create a playlist on Sporcle, you need to verify the email address you used during registration. Go to your Sporcle Settings to finish the process.

Report this User

Report this user for behavior that violates our Community Guidelines.

Details: